000 00766cam a22002533a 4500
001 17855
003 PGUSA
005 20140828083359.0
008 060225s2006||||xxu|||||s|||||000 | eng d
040 _aPGUSA
_beng
042 _adc
050 4 _aTS
100 1 _aDewey, Lyster H.
_q(Lyster Hoxie),
_d1865-1944
245 1 0 _aHemp Hurds as Paper-Making Material :
_bUnited States Department of Agriculture, Bulletin No. 404
_h[electronic resource] /
_cLyster H. Dewey
260 _bProject Gutenberg,
_c2006
506 _aPublic domain in the USA.
516 _aElectronic text
653 _aPaper industry
653 _aHemp
653 _aFiber plants
830 0 _aProject Gutenberg
_v17855
856 4 0 _uhttp://www.gutenberg.org/ebooks/17855
942 _cEB
999 _c247110
_d247110